Complete the Titles of Songs by Garth Brooks - Statistics

General Stats
  • This quiz has been taken 115 times
  • The average score is 13 of 15
Answer Stats
Answer % Correct
Friends in Low {Places}
100%
If Tomorrow Never {Comes}
99%
The Thunder {Rolls}
97%
Ain't Goin' Down ('Til the Sun Comes {Up})
95%
Unanswered {Prayers}
93%
What She's Doing {Now}
93%
Papa Loved {Mama}
91%
Two Piña {Coladas}
90%
Two of a Kind, Workin' on a Full {House}
84%
Longneck {Bottle}
77%
Make You Feel My {Love}
77%
The Beaches of {Cheyenne}
77%
American Honky-Tonk Bar {Association}
74%
More Than a {Memory}
55%
Somewhere Other Than the {Night}
48%
No matching quizzes found
Score Distribution
Percent of People with Each Score
Percentile by Number Answered
Your Score History
You have not taken this quiz